Score 0/77 Timer 06:00
0 Plays Today
% Correct
Jack Sprat's bugaboo ⇨
100%
⇦ Lion, for example
100%
Not near ⇨
100%
Limey Jack-___⇨
100%
{1st Rung}
100%
Give 5 globes, eg ⇨
100%
Destiny ⇨
100%
Cabbie's customer ⇨
100%
Klinger portrayer Jamie ⇨
100%
My ____ Lady ⇨
100%
{2nd Rung}
100%
Word with dance or mail ⇨
100%
Steely ____ ⇨
100%
Not night ⇨
100%
Use a towel ⇨
100%
Use a hankie ⇨
100%
Coquettish ⇨
100%
{3rd Rung}
100%
Broadway award ⇨
100%
Whig counterpart ⇨
100%
Like a slasher movie ⇨
100%
⇦ Scot or Swansean
100%
⇦ 'Queen of Cheeses'
100%
⇦ American canal
100%
⇦ Place meaning 'Red Sea'
100%
⇦ Anger
100%
⇦ '____ You Experienced?'
100%
⇦ Humorist Buchwald
100%
⇦ Rocker Adam
100%
⇦ Mandela political grp.
100%
⇦ 1st Rung descriptor
100%
⇦ Costa ____
100%
⇦ Asian food staple
100%
⇦ Astronaut Sally
100%
⇦ Not nice
100%
⇦ Old Germanic letter
100%
⇦ Least of the litter
100%
⇦ 1st Rung descriptor
100%
⇦ Mongrel dog
100%
% Correct
⇦ DRC's neighbor
100%
Far
89.1%
Fair
85.1%
Fat
82.8%
Rica
81%
Day
80.5%
Rice
80.5%
Are
79.9%
Fate
78.7%
Fare
77%
Runt
77%
Dan
76.4%
Ride
76.4%
Dry
75.3%
Ire
75.3%
Art
73.6%
Ant
72.4%
Farr
71.8%
Rune
71.8%
Rude
71.3%
Tony
69%
Erie
68.4%
Cat
66.7%
Cry
66.1%
Brie
64.4%
Tory
63.8%
Gory
60.9%
Coy
59.8%
Rate
59.2%
Brit
58.6%
CAR
56.3%
Tar
55.2%
Fan
54.6%
Cur
53.4%
ANC
52.3%
ERITREA
36.2%
AFRICAN
35.1%
COUNTRY
33.9%
Remove Ads.
Support Sporcle.
Get the best of Sporcle when you Go Orange. This ad-free experience offers more features, more stats, and more fun while also helping to support Sporcle. Thank you for becoming a member.

You're not logged in!

Compare scores with friends on all Sporcle quizzes.
OR
Log In

Show Comments

Extras

Top Quizzes Today


Score Distribution

Your Account Isn't Verified!

In order to create a playlist on Sporcle, you need to verify the email address you used during registration. Go to your Sporcle Settings to finish the process.

Report this User

Report this user for behavior that violates our Community Guidelines.

Details: